Statistiche per Pastello Bianco - Pinguini tattici nucleari

Clicka qui per fare il quiz!

Statistiche generali

  • Questo quiz è stato fatto 389 volte
  • Il punteggio medio è 244 su 313

Statistiche sulle risposte

Testo% Corretto
e
99%
E
99%
i
98%
che
97%
ma
97%
mi
97%
a
96%
da
96%
RitPer
96%
per
96%
piangere
96%
se
96%
non
95%
di
94%
hai
94%
il
94%
la
94%
sa
94%
tu
94%
un
94%
visto
94%
ci
93%
due
93%
con
92%
del
92%
era
92%
miei
92%
sappi
91%
ottica
90%
illusione
89%
noi
89%
occhi
89%
segreti
89%
bianco
88%
favore
88%
male
88%
mare
88%
pastello
88%
rimanere
88%
sto
88%
prima
87%
bene
86%
dalla
86%
elementare
86%
col
85%
conosciamo
85%
dai
85%
solo
85%
ti
85%
lo
84%
stavo
84%
chi
83%
come
83%
diario
83%
sul
83%
sai
82%
te
82%
togliendo
81%
li
80%
tutti
80%
scrivevo
78%
tuoi
78%
mai
77%
vecchi
77%
ancora
76%
aspettando
76%
dirò
76%
FBI
76%
poi
76%
all'
75%
colorarli
75%
killer
75%
serial
75%
andare
74%
avanti
74%
chiedi
74%
gioco
74%
giuro
74%
interrogati
74%
nostro
74%
speravo
74%
venissi
74%
parlare
73%
WI-FI
73%
password
72%
ridere
72%
mia
71%
perchè
71%
racconterai
71%
ricordi
71%
vecchio
70%
bisogna
68%
perdere
67%
rimani
67%
lasciar
66%
deserto
64%
me
64%
nel
64%
ogni
64%
tanto
63%
io
60%
neve
59%
stai
53%
Coca
51%
dirai
51%
questi
51%
stupisce
51%
chiedo
50%
tempi
50%
niente
49%
cola
47%
ormai
47%
tisana
47%
le
46%
thai
38%
si
36%
addio
35%
bye
34%
insegnato
33%
suona
33%
amarene
32%
differenza
32%
tra
32%
troppo
32%
allora
31%
ciliegie
31%
più
31%
serio
31%
dentro
28%
auguro
27%
bar
27%
cieli
27%
dimenticherò
27%
litigherà
27%
meglio
27%
conto
26%
cosa
26%
seduti
26%
stellati
26%
pagare
25%
docce
24%
dove
24%
mancherà
24%
pure
24%
altri
23%
migliori
22%
notti
22%
forse
21%
stonerai
19%

Distribuzione punteggi

Percentile per numero di risposta

Percentuale di utenti per punteggio

I tuoi punteggi nel tempo

Non hai fatto questo quiz